A Series of Unfortunate Events: The Hostile Hospital (Record no. 322508)

000 -LEADER
fixed length control field 00385nam a2200145 4500
020 ## - ISBN
ISBN 9781405266130
082 ## - 索书号 Call Number
分类号Classification number F3
作者号 Author number LEM
100 ## - 作者
作者 Lemony Snicket
245 ## - 书名 TITLE
书名Title A Series of Unfortunate Events: The Hostile Hospital
250 ## - 版本 EDITION STATEMENT
版本叙述 Edition statement 1st
260 ## - 出版项PUBLICATION, DISTRIBUTION, ETC. (IMPRINT)
出版地 Place of publication Great Britain
出版社 Name of publisher Farshore
出版日期 Date of publication 2003
300 ## - 稽核项 PHYSICAL DESCRIPTION
页数 Number of Pages 272 pages
尺寸 Dimensions 13 x 19 cm
490 ## - 集丛项 SERIES STATEMENT
集丛题名 Series statement A Series of Unfortunate Events
集丛号 Volume number/sequential designation 08
942 ## - ADDED ENTRY ELEMENTS (KOHA)
Koha item type Books
Holdings
Source of classification or shelving scheme Not for loan Permanent Location Current Location Shelving location Date acquired Source of acquisition Cost, normal purchase price Full call number Barcode Cost, replacement price Koha item type
    LIBRARY CHUNG HWA HIGH SCHOOL MUAR LIBRARY CHUNG HWA HIGH SCHOOL MUAR 二楼英文文学区 2nd Floor English Fiction Area 2026-01-22 47.90 F3 LEM v.08 049869 95.80 Books

Powered by Koha